000 00638nam a2200217 a 4500
001 000028677
005 20240412074254.0
008 110411s2000 xx 001 p spa d
040 _aDO-SdBNP
_bspa
_cBNPHU
082 _aRD861.5
_bG216v
100 1 _aGarcía, Juan Z.
_928202
245 1 4 _aLos versos del Alba :
_bpoemario siglo XXI /
_cJuan Z. García.
260 _a[s.l. :
_bs.n.,
_c2000?].
300 _a137 p. ;
_c21 cm.
490 1 _aVida
590 _aInventariado, 2019 / DG
650 0 _aPoesía dominicana
_966
650 0 _aLiteratura dominicana.
_967
830 0 _aVida
_928203
910 _aValidado. Control de calidad EMS
999 _c28169
_d28169